Normal view
MARC view
- MICROSOFT WINDOWS COMPUTR FILE, OPERATING SYSTEM(COMPUTERS), MICROSOFT INTERNET EXPLORER
Entry Topical Term
001 - CONTROL NUMBER
- control field: 65510
003 - CONTROL NUMBER IDENTIFIER
- control field: NUST
005 - DATE AND TIME OF LATEST TRANSACTION
- control field: 20210628203439.0
008 - FIXED-LENGTH DATA ELEMENTS
- fixed length control field: 210628|| aca||aabn | a|a d
040 ## - CATALOGING SOURCE
- Original cataloging agency: NUST
- Transcribing agency: NUST
150 ## - HEADING--TOPICAL TERM
- Topical term or geographic name entry element: MICROSOFT WINDOWS COMPUTR FILE, OPERATING SYSTEM(COMPUTERS), MICROSOFT INTERNET EXPLORER
670 ## - SOURCE DATA FOUND
- Source citation: Work cat.: (NUST): Hutchinson, Sarah .E, Coulthard, Glen .J 56251, Microsoft windows xp, with internet explorer, 2003
